| 000 | 02706nam0a2200349 4500 | ||
|---|---|---|---|
| 001 | RU\NLR\bibl\826504 | ||
| 005 | 20260407120327.0 | ||
| 021 |
_aRU _b2005-35787 _91782 |
||
| 035 | _a(NLR Aleph) 000815401 | ||
| 090 |
_a1267506 _c1267506 |
||
| 100 | _a20050802d2005 |||y0rusy50 ca | ||
| 101 | 0 | _arus | |
| 102 | _aRU | ||
| 105 | _ay ||||||||| | ||
| 200 | 1 |
_aАнализ представленности компетенций в действующих государственных образовательных стандартах высшего профессионального образования _eматериалы XV Всероссийской научно-методической конференции "Актуальные проблемы качества образования и пути их решения в контексте европейских и мировых тенденций" _fВ.Г. Казанович, В.Л. Кошелева, Г.П. Савельева, Л.С. Самощенко |
|
| 210 |
_aМосква _aУфа _cИсследовательский центр проблем качества подготовки специалистов _d2005 |
||
| 215 |
_a37 с. _d21 |
||
| 300 | _aНа обл. также загл.: Проблемы качества образования | ||
| 300 | _aВ надзаг.: М-во образования и науки Рос. Федерации, Федер. агентство по образованию, Исслед. центр пробл. качества подгот. специалистов Моск. гос. ин-та стали и сплавов (технол. ун-та), Уфим. гос. авиац. техн. ун-т | ||
| 605 |
_aПроблемы качества образования _2psbo |
||
| 606 | 1 |
_aВысшее образование _jСъезды, совещания и т.п. _xОбразовательные стандарты _yРоссийская Федерация _91746714 _3RU\NLR\auth\661077868 |
|
| 686 | _aЧ484(2Р)я431 | ||
| 701 | 1 |
_aКазанович _bВ. Г. _gВиктор Григорьевич _4070 |
|
| 701 | 1 |
_aКошелева _bВ. Л. _4070 |
|
| 701 | 1 |
_aСавельева _bГ. П. _gГалина Павловна _4070 |
|
| 701 | 1 |
_aСамощенко _bЛ. С. _4070 |
|
| 711 | 1 | 2 |
_4070 _a"Проблемы качества образования", всероссийская научно-методическая конференция _d15 _f2005 _eМосква/Уфа _3RU\NLR\AUTH\8810068791 _9639203 |
| 801 | 0 |
_aRU _bNLR _c20050802 _grcr |
|
| 801 | 1 |
_aRU _bNLR _c20050802 |
|
| 942 | _cBOOK | ||
| 980 | _aNB | ||